NBA: Active Player Nicknames - Statistics

General Stats
  • This quiz has been taken 1,297 times
  • The average score is 15 of 21
Answer Stats
Hint Answer % Correct
CP3 Chris Paul
98%
Melo Carmelo Anthony
97%
King James LeBron James
96%
Chef Curry Stephen Curry
96%
PG13 Paul George
94%
Uncle Drew Kyrie Irving
93%
Durantula Kevin Durant
91%
The Brow Anthony Davis
89%
Vinsanity Vince Carter
87%
Boogie Demarcus Cousins
84%
The Big Fundamental Tim Duncan
80%
The Truth Paul Pierce
76%
Big Ticket Kevin Garnett
74%
Swaggy P Nick Young
66%
J Crossover Jamal Crawford
63%
Z-Bo Zach Randolph
52%
Big Al Al Jefferson
45%
Dougie McBuckets Doug McDermott
44%
J-Smoove Josh Smith
40%
Manimal Kenneth Faried
33%
JET Jason Terry
32%
No matching quizzes found
Score Distribution
Percent of People with Each Score
Percentile by Number Answered
Your Score History
You have not taken this quiz